Дело о числе мест заключения и о содержащихся арестантах по Харьковской губернии

Доступно только в Электронных читальных залах Найти на картеНа карте
RUSMARC
00003691nmc2a22000003x 450
001ab3c5eb0-83ab-44ba-ae4f-4ba7585fac55
00520200302153938.0
100##$a20180903l18641865k l0rusy0189 ca
1010#$arus
102##$aRU
2001#$aДело о числе мест заключения и о содержащихся арестантах по Харьковской губернии
$j6 марта 1864 г. - 19 марта 1865 г.
251##$cДело
300##$aДело
801#0$aRU
$bРГИА
$c20180903
$gRCR
801#1$aRU
$bГлавНИВЦ
$c20180903
$2rusmarc
801#2$aRU
$bПБ им. Б.Н. Ельцина
$c20200302
$gRCR
$2rusmarc
850##$aРГИА
852##$aРГИА
$eФедеральное казенное учреждение "Российский государственный исторический архив" (РГИА)
$j140
937##$hРГИА
$d12287395
$aASBIBLIO_SCAN
462#0$1001921ec746-9587-48a9-b6c2-ef8589ca621c
$12001
$aДела Департамента полиции исполнительной МВД за 1864 год
$1251
$cОпись
$1852
$j25
$l1864 г.
461#0$10013e300ed0-cd39-49af-8489-5ba5b90fa401
$12001
$aДепартамент полиции исполнительной МВД
$1251
$cФонд
$1852
$j1286
215##$a22 л.
$d36,5х26 см
371##$aДокумент не является опубликованным и широко распространяемым
105##$ay###
1222#$ad
035##$aab3c5eb0-83ab-44ba-ae4f-4ba7585fac55
856##$uhttp://readingroom.main.prlib.ru/item.aspx?id_node=n142275723&mode=full
Формат отображения